Statistics for All about Percy Jackson- the character

Click here to take the quiz!

General Stats

  • This quiz has been taken 204 times
    (202 since last reset)
  • The average score is 11 of 15

Answer Stats

Hint Answer % Correct
his blonde girlfriendAnnabeth Chase
99%
satyr best friendGrover Underwood
96%
godly fatherPoseidon
94%
name of his motherSally Jackson
93%
least favorite goddessHera
92%
favorite type of foodblue food
85%
name of pegasus petBlackjack
82%
name of hellhound petMrs O'leary
76%
hair colorblack
71%
eye colorgreen
68%
his much better step fatherPaul Blofis
64%
most favorite goddessHestia
59%
which disorder is he diagnosed withdyslexia
58%
actor who portrayed this character in the moviesLogan Lerman
38%
favorite soft toy cruelly killed by octavianpanda pillow pet
20%

Score Distribution

Percentile by Number Answered

Percent of People with Each Score

Your Score History

You have not taken this quiz since the last reset